[Event "Bad Woerishofen Sen"]
[Site "Bad Woerishofen"]
[Date "2001.??.??"]
[Round "9"]
[White "Zoltek, Tadeusz"]
[Black "Schmid, Hermann"]
[Result "1-0"]
[WhiteElo "2304"]
[BlackElo "2171"]
[Annotator "ChessOrg"]
[PlyCount "133"]
[EventDate "1998.03.05"]
[Source "ChessBase"]
[SourceDate "1998.04.29"]

1. Nf3 c6 2. c4 d5 3. d4 Nf6 4. Nc3 g6 5. e3 Bg7 6. Be2 O-O 7. O-O Nbd7 8. cxd5
cxd5 9. b3 b6 10. Ba3 Bb7 11. Rc1 Rc8 12. Nb5 a6 13. Nc3 Re8 14. Na4 Bf8 15.
Rxc8 Qxc8 16. Qd3 Qb8 17. Qb1 Rc8 18. Rc1 Ne4 19. Rc2 e6 20. Bxf8 Kxf8 21. Qc1
Rxc2 22. Qxc2 Qd6 23. Bd3 Ke7 24. Bxe4 dxe4 25. Nd2 Qc6 26. Qxc6 Bxc6 27. Nc3
f5 28. Kf1 b5 29. b4 a5 30. bxa5 b4 31. Ne2 Bb5 32. Ke1 Kd6 33. Nc1 Nb8 34.
Ndb3 Nc6 35. Kd2 Kd5 36. Kc2 e5 37. dxe5 Nxe5 38. Nd4 Bc4 39. h3 Nd7 40. Kb2
Nc5 41. h4 h5 42. Nc2 Na4+ 43. Ka1 Kc5 44. Nd4 Nc3 45. Ncb3+ Kd5 46. Nd2 Ba6
47. f3 Nd1 48. fxe4+ fxe4 49. Nc2 Kc5 50. Nxe4+ Kb5 51. Kb1 Kxa5 52. Kc1 Bd3
53. Kxd1 Bxe4 54. g3 Bd5 55. a3 b3 56. Nb4 Be4 57. Kc1 Kb5 58. Kb2 Kc4 59. Na6
Bd5 60. Nc7 Bf7 61. a4 Kb4 62. e4 Bc4 63. e5 Kc5 64. Kc3 Kc6 65. Nb5 Kd5 66. e6
Kc5 67. e7 1-0